| 000 | 00629nam a2200181Ia 4500 | ||
|---|---|---|---|
| 003 | GCL | ||
| 008 | 140319s9999 xx 000 0 ara d | ||
| 040 |
_aGCL / _cGCL |
||
| 082 | 0 | 4 |
_a005.3 _bف ا |
| 100 | 1 | _aفينكاشتلين، الين | |
| 245 | 1 | 0 |
_aاوتوكاد 2004 / _cفينكاشتلين، الين |
| 260 |
_aالقاهرة : _bدار الفاروق للنشر والتوزيع ، _c2004 |
||
| 300 |
_a1520 ص ؛ _c24 سم |
||
| 650 | 0 | 4 | _aالحاسبات الالكترونية - تصميم |
| 650 | 0 | 4 | _aالحاسبات الالكترونية - برامج |
| 650 | 0 | 4 | _aاوتوكاد 2004 |
| 942 |
_2ddc _cBK |
||
| 999 |
_c7190 _d7190 |
||